[Event "12sen.WM-D Naumburg"]
[Site "Naumburg/Saale(20.10.-03.11.)"]
[Date "2002.10.30"]
[Round "8"]
[White "Erenska_Barlo, Hanna"]
[Black "Litinskaya, Marta_I"]
[Result "0-1"]
[WhiteElo "2183"]
[BlackElo "2402"]
[PlyCount "82"]
[EventDate "2002.11.??"]

1. e4 c5 2. Nf3 e6 3. Qe2 Nc6 4. c3 d5 5. d3 Nf6 6. e5 Nd7 7. g3 Qc7 8. Bf4 b5
9. Bg2 Be7 10. O-O O-O 11. h4 a5 12. Nbd2 a4 13. Rfe1 Ba6 14. Rac1 Qb6 15. h5
Rfc8 16. Nh2 c4 17. d4 a3 18. Qg4 axb2 19. Rb1 Qd8 20. Ndf3 b4 21. Bd2 bxc3 22.
Bxc3 Nb4 23. h6 g6 24. Re3 Nxa2 25. Rxb2 Nxc3 26. Rxc3 Rcb8 27. Rbc2 Bb5 28.
Nf1 Ra1 29. N3d2 Ba4 30. Rc1 Rxc1 31. Rxc1 Rb2 32. Nb1 Bb5 33. Ne3 Rb3 34. Nc3
Nb6 35. f4 Bd7 36. Qe2 Bf8 37. Bxd5 exd5 38. Nexd5 Ba4 39. Qf3 Bc6 40. Ne7+
Bxe7 41. Qxc6 Qd7 0-1

[Event "12sen.WM-D Naumburg"]
[Site "Naumburg/Saale(20.10.-03.11.)"]
[Date "2002.10.30"]
[Round "8"]
[White "Fatalibekova, Elena"]
[Black "Khmiadashvili, Tamari"]
[Result "0-1"]
[WhiteElo "2297"]
[BlackElo "2330"]
[PlyCount "116"]
[EventDate "2002.11.??"]

1. e4 c6 2. d4 d5 3. Nc3 dxe4 4. Nxe4 Nf6 5. Nxf6+ exf6 6. Bc4 Bd6 7. Qe2+ Qe7
8. Qxe7+ Kxe7 9. Nf3 Rd8 10. O-O Kf8 11. Re1 Bg4 12. Nd2 Bf5 13. c3 Nd7 14. Nf1
b5 15. Bb3 Nb6 16. Ng3 Bxg3 17. hxg3 a5 18. Bf4 Rd7 19. Bd1 g5 20. Bc1 a4 21.
Bf3 Rc7 22. Be3 Nd5 23. Bd2 Be6 24. Be4 h6 25. f4 Ne7 26. Kf2 Kg7 27. Bc2 Rca7
28. Rh1 Bf5 29. Bd1 Be4 30. Re1 Bd5 31. Bc2 Nc8 32. Bd3 Nd6 33. a3 Bc4 34. Bc2
Bd5 35. Rad1 Bb3 36. Bxb3 axb3 37. Bc1 Nc4 38. Re2 Rd7 39. Rde1 Kg6 40. Re8
Rxe8 41. Rxe8 Nd6 42. Re1 g4 43. Re3 f5 44. Ke2 Ne4 45. Rd3 Kf6 46. Bd2 Ke6 47.
Be1 Kd5 48. Re3 Kc4 49. Kf1 Ra7 50. Ke2 Rxa3 51. d5 cxd5 52. Rd3 Ra2 53. Rd4+
Kc5 54. Rd1 Rxb2+ 55. Kd3 h5 56. Ke3 Nd6 57. Kd3 Nc4 58. Bf2+ Rxf2 0-1

[Event "12sen.WM-D Naumburg"]
[Site "Naumburg/Saale(20.10.-03.11.)"]
[Date "2002.10.30"]
[Round "8"]
[White "Gumilevskaja, Galina"]
[Black "Strelnikova, Elena"]
[Result "0-1"]
[WhiteElo "2093"]
[BlackElo "2175"]
[PlyCount "21"]
[EventDate "2002.11.??"]

1. e4 e6 2. Qe2 c5 3. Nf3 Nc6 4. c3 Qa5 5. Na3 Nf6 6. Nc4 Qc7 7. a4 d6 8. g3
Be7 9. d3 O-O 10. Bg2 d5 11. Na3 0-1

[Event "12sen.WM-D Naumburg"]
[Site "Naumburg/Saale(20.10.-03.11.)"]
[Date "2002.10.30"]
[Round "8"]
[White "Komicheva, Margarita"]
[Black "Malinicheva, Lidiya"]
[Result "0-1"]
[WhiteElo "2186"]
[BlackElo "2111"]
[PlyCount "72"]
[EventDate "2002.11.??"]

1. e4 Nf6 2. Nc3 d5 3. e5 Nfd7 4. d4 e6 5. Nf3 b6 6. Ne2 Ba6 7. c3 Be7 8. g3 c5
9. Bg2 O-O 10. O-O cxd4 11. cxd4 Nc6 12. Be3 Qc8 13. Rc1 Qb7 14. Ne1 Rac8 15.
f4 Na5 16. Rxc8 Rxc8 17. Rf2 Nc4 18. Bc1 Qc6 19. Nd3 f5 20. Nc3 b5 21. a3 Qb6
22. Nb4 Bb7 23. b3 Ne3 24. Qd2 Nxg2 25. Rxg2 a5 26. Nc2 Qc6 27. Na2 b4 28. axb4
a4 29. Na1 Nb6 30. Bb2 Ba6 31. bxa4 Qxa4 32. Bc1 Bc4 33. g4 Qxa2 34. Bb2 Qb1+
35. Kf2 Bh4+ 36. Ke3 Qe4# 0-1

[Event "12sen.WM-D Naumburg"]
[Site "Naumburg/Saale(20.10.-03.11.)"]
[Date "2002.10.30"]
[Round "8"]
[White "Krawcewicz, Lucyna"]
[Black "Abdikasova, Panno"]
[Result "1-0"]
[WhiteElo "2035"]
[BlackElo "1976"]
[PlyCount "120"]
[EventDate "2002.11.??"]

1. d4 d5 2. Bg5 Nd7 3. Nf3 c6 4. Nc3 Ngf6 5. e3 Qa5 6. Bxf6 Nxf6 7. Bd3 Ne4 8.
Bxe4 dxe4 9. Ne5 f6 10. Nc4 Qb4 11. Nd2 f5 12. Qc1 Be6 13. O-O g6 14. a3 Qd6
15. Na4 b6 16. c4 Bg7 17. c5 Qc7 18. b4 b5 19. Nc3 O-O 20. Qc2 Rfd8 21. Rfd1 a6
22. Ne2 Bf7 23. a4 Bf6 24. g3 e6 25. Ra3 g5 26. Rda1 Rab8 27. axb5 axb5 28. Ra6
e5 29. Nb3 Bc4 30. Na5 Bxe2 31. Qxe2 exd4 32. exd4 Bxd4 33. Ra2 Rd7 34. Nxc6
Re8 35. Nxd4 Rxd4 36. Qh5 Qf7 37. Qxg5+ Kh8 38. Ra8 Rd7 39. Rxe8+ Qxe8 40. Qf6+
Kg8 41. Qxf5 Qe7 42. Ra8+ Kg7 43. Qg4+ Kf6 44. Qh4+ Ke5 45. Qxe7+ Rxe7 46. Rb8
Kd5 47. Rxb5 e3 48. fxe3 Rxe3 49. Kg2 h5 50. Kh3 Re4 51. Rb6 Rc4 52. c6 Kd6 53.
b5 Kc7 54. Rb7+ Kc8 55. b6 h4 56. g4 Rxc6 57. Rc7+ Rxc7 58. bxc7 Kxc7 59. Kxh4
Kd7 60. Kg5 Ke7 1-0

[Event "12sen.WM-D Naumburg"]
[Site "Naumburg/Saale(20.10.-03.11.)"]
[Date "2002.10.30"]
[Round "8"]
[White "Lein, Marina"]
[Black "Janssen, Liselotte"]
[Result "1/2-1/2"]
[WhiteElo "1979"]
[BlackElo "1843"]
[PlyCount "92"]
[EventDate "2002.11.??"]

1. c4 Nf6 2. Nc3 e5 3. Nf3 d6 4. g3 Nc6 5. Bg2 Be6 6. d3 Be7 7. O-O O-O 8. a3
h6 9. b4 a6 10. h3 Qd7 11. Kh2 Nd4 12. Ng1 c5 13. e3 cxb4 14. Na4 Nc6 15. Nb6
Qc7 16. Nxa8 Rxa8 17. axb4 Nxb4 18. Ba3 Nc6 19. Qd2 d5 20. Bxe7 Qxe7 21. cxd5
Nxd5 22. Bxd5 Bxd5 23. e4 Be6 24. f4 exf4 25. Rxf4 Qd7 26. h4 Rd8 27. Rb1 b5
28. Ra1 a5 29. Qc3 b4 30. Qc5 Nd4 31. Rxa5 Nb3 32. Qxb4 Nxa5 33. Qxa5 Qxd3 34.
Qe1 Rc8 35. Rf2 Rc4 36. e5 Rc2 37. Rxc2 Qxc2+ 38. Qe2 Qc6 39. Qb2 Bd5 40. Ne2
g5 41. Nd4 Qg6 42. Qc2 Be4 43. Qc8+ Kg7 44. Qg4 gxh4 45. Qxg6+ Kxg6 46. gxh4 h5
1/2-1/2

[Event "12sen.WM-D Naumburg"]
[Site "Naumburg/Saale(20.10.-03.11.)"]
[Date "2002.10.30"]
[Round "8"]
[White "Purevdorj, Bujinlkhoun"]
[Black "Hoose, Hannelore"]
[Result "1-0"]
[WhiteElo "1998"]
[BlackElo "1622"]
[PlyCount "70"]
[EventDate "2002.11.??"]

1. e4 e6 2. d4 d5 3. Nd2 dxe4 4. Nxe4 Be7 5. Nf3 Nf6 6. Bd3 Nxe4 7. Bxe4 Nd7 8.
O-O Nf6 9. Bd3 c6 10. c3 b6 11. Qe2 Bb7 12. Ne5 Qc7 13. Bf4 Bd6 14. a4 a5 15.
Bg3 O-O-O 16. Ba6 Ne8 17. Bxb7+ Kxb7 18. Nc4 Bxg3 19. fxg3 Rd7 20. b4 axb4 21.
Ne5 Re7 22. cxb4 f6 23. Nf3 Nd6 24. Rac1 Rc8 25. Qd3 g5 26. Nd2 Nf5 27. Nb3 Rd8
28. Rb1 Qd7 29. Rfd1 Qc8 30. Qc3 Red7 31. a5 Rd5 32. axb6 Kxb6 33. Nc5 Nxd4 34.
Re1 Nb5 35. Qb3 Kc7 1-0

[Event "12sen.WM-D Naumburg"]
[Site "Naumburg/Saale(20.10.-03.11.)"]
[Date "2002.10.30"]
[Round "8"]
[White "Shoushpanova, Nina"]
[Black "Mosionzhik, Bronia"]
[Result "1/2-1/2"]
[WhiteElo "2058"]
[BlackElo "2095"]
[PlyCount "26"]
[EventDate "2002.11.??"]

1. e4 d5 2. exd5 Qxd5 3. Nc3 Qa5 4. d4 Nf6 5. Bc4 c6 6. Nge2 b5 7. Bd3 e6 8.
O-O Be7 9. Ng3 b4 10. Nce4 Na6 11. Nxf6+ Bxf6 12. Ne4 Be7 13. Bf4 Bd7 1/2-1/2

[Event "12sen.WM-D Naumburg"]
[Site "Naumburg/Saale(20.10.-03.11.)"]
[Date "2002.10.30"]
[Round "8"]
[White "Sorokina, Tamara"]
[Black "Gudova, Tamara"]
[Result "0-1"]
[WhiteElo "2133"]
[BlackElo "2060"]
[PlyCount "120"]
[EventDate "2002.11.??"]

1. Nf3 Nf6 2. c4 g6 3. b3 Bg7 4. Bb2 O-O 5. g3 c6 6. Bg2 d5 7. O-O Re8 8. cxd5
cxd5 9. d4 Nc6 10. Nbd2 Bf5 11. Ne5 Rc8 12. Nxc6 Rxc6 13. Rc1 Qd7 14. Rxc6 Qxc6
15. Nc4 Qa6 16. Na3 Rc8 17. Qd2 Bf8 18. f3 e6 19. g4 Bxa3 20. Bxa3 Qxa3 21.
gxf5 exf5 22. Re1 Qd6 23. e3 Qc6 24. Bf1 Qc2 25. Re2 Qxd2 26. Rxd2 Kf8 27. Kf2
Ke7 28. Bd3 Kd6 29. Ke2 b6 30. Bc2 h6 31. Bd3 Rc7 32. Rd1 Re7 33. Kd2 Nh5 34.
Rg1 Nf6 35. Rc1 Rc7 36. Rg1 Ke6 37. h4 Ne8 38. Rg2 Nd6 39. a4 Nb7 40. Rg1 Na5
41. Bc2 Nc6 42. Rc1 Kd6 43. Rg1 f4 44. Bd1 fxe3+ 45. Kxe3 Ne7 46. Kd3 h5 47.
Rh1 Nf5 48. Rh2 Re7 49. a5 b5 50. a6 Rc7 51. Re2 Nxh4 52. Re8 Nf5 53. Rb8 Kc6
54. Kc3 Kd7+ 55. Kd3 Nd6 56. f4 Rc8 57. Rxc8 Nxc8 58. f5 Kd8 59. Ke3 Ne7 60.
fxg6 fxg6 0-1

[Event "12sen.WM-D Naumburg"]
[Site "Naumburg/Saale(20.10.-03.11.)"]
[Date "2002.10.30"]
[Round "8"]
[White "Sotter, Gerlinde"]
[Black "Blagonadezhnaya, Idea"]
[Result "0-1"]
[WhiteElo "1609"]
[BlackElo "2026"]
[PlyCount "120"]
[EventDate "2002.11.??"]

1. Nf3 g6 2. d4 Bg7 3. e4 d6 4. Bd3 Nf6 5. c3 O-O 6. O-O Nc6 7. h3 e5 8. dxe5
dxe5 9. Bc2 Be6 10. Qe2 h6 11. Be3 a6 12. Rd1 Qc8 13. Nbd2 Rd8 14. Nf1 Rxd1 15.
Qxd1 Qd7 16. Qxd7 Nxd7 17. Ng3 Bf8 18. b3 Kg7 19. Rd1 Be7 20. b4 h5 21. Ng5
Bxg5 22. Bxg5 f6 23. Be3 Kf7 24. a4 Ke7 25. f3 Nd8 26. Ne2 Nf7 27. Nc1 Nd6 28.
Nd3 Nc4 29. Bc5+ Nxc5 30. Nxc5 Bc8 31. Bb3 Nd6 32. Nd3 b6 33. Ra1 Be6 34. Bc2
Bc4 35. Kf2 Rd8 36. Nb2 Be6 37. Rd1 Rd7 38. Ke3 a5 39. b5 Nc4+ 40. Nxc4 Rxd1
41. Bxd1 Bxc4 42. g3 Kd6 43. Kd2 c6 44. bxc6 Kxc6 45. h4 Kc5 46. Bc2 b5 47.
axb5 Kxb5 48. Bd1 a4 49. Kc1 a3 50. Kc2 Kc5 51. Kc1 Bd3 52. Bb3 Bc4 53. Bd1 g5
54. Kc2 Kc6 55. Kc1 Kb5 56. Kc2 Kc5 57. Kc1 Bd3 58. Bb3 Be2 59. Bd5 Bxf3 60.
Bf7 gxh4 0-1

[Event "12sen.WM-D Naumburg"]
[Site "Naumburg/Saale(20.10.-03.11.)"]
[Date "2002.10.30"]
[Round "8"]
[White "Zakhvatova, Roufina"]
[Black "Froeling, Philippa"]
[Result "1-0"]
[WhiteElo "1558"]
[BlackElo "1306"]
[PlyCount "66"]
[EventDate "2002.11.??"]

1. d4 d5 2. Nf3 Nf6 3. Bg5 Nbd7 4. e3 g6 5. c4 Bg7 6. Nc3 c6 7. cxd5 cxd5 8.
Bd3 a6 9. O-O b5 10. a3 Bb7 11. Rc1 Ne4 12. Bxe4 dxe4 13. Nd2 f5 14. Qb3 Nb6
15. a4 bxa4 16. Nxa4 Nxa4 17. Qxa4+ Qd7 18. Qb4 Bc6 19. Rxc6 h6 20. Rxg6 Kf7
21. Rxg7+ Kxg7 22. Qxe7+ Qxe7 23. Bxe7 Rhe8 24. Bc5 a5 25. b3 a4 26. bxa4 Rxa4
27. f3 Rea8 28. fxe4 Ra1 29. Rxa1 Rxa1+ 30. Kf2 Ra2 31. Ke2 fxe4 32. Kd1 Ra6
33. Nxe4 Rg6 1-0

[Event "12sen.WM-D Naumburg"]
[Site "Naumburg/Saale(20.10.-03.11.)"]
[Date "2002.10.31"]
[Round "9"]
[White "Abdikasova, Panno"]
[Black "Purevdorj, Bujinlkhoun"]
[Result "0-1"]
[WhiteElo "1976"]
[BlackElo "1998"]
[PlyCount "120"]
[EventDate "2002.11.??"]

1. d4 d5 2. Nf3 Nf6 3. c4 e6 4. Nc3 Be7 5. Bg5 O-O 6. e3 Nbd7 7. Rc1 c6 8. Bd3
h6 9. Bh4 dxc4 10. Bxc4 b5 11. Bd3 Bb7 12. O-O a6 13. Ne4 Rc8 14. Nxf6+ Bxf6
15. Bg3 Qe7 16. Be4 g6 17. Rc2 e5 18. Re1 Qe6 19. Qc1 Bh8 20. dxe5 Bxe5 21.
Bxe5 Nxe5 22. Nd4 Qxa2 23. b3 Qa5 24. f4 Ng4 25. Bxc6 Qb6 26. Bxb7 Qxb7 27. Nc6
Kh7 28. h3 Nf6 29. Ne5 Ne4 30. Rd1 Rfd8 31. Rd4 Nf6 32. Kh2 Rxc2 33. Qxc2 Rxd4
34. exd4 Qd5 35. Qc6 Qxc6 36. Nxc6 Nd5 37. Kg3 Kg7 38. Kf3 Kf6 39. g3 Ke6 40.
Ne5 Ne7 41. g4 a5 42. Nd3 Kd5 43. Ke3 a4 44. Nb4+ Kd6 45. bxa4 bxa4 46. Ke4 a3
47. f5 g5 48. Na2 Nd5 49. Kf3 Nf4 50. h4 Kd5 51. hxg5 hxg5 52. Ke3 Kc4 53. Ke4
f6 54. Nc1 Nd5 55. Na2 Nc3+ 56. Nxc3 Kxc3 57. d5 a2 58. d6 a1=Q 59. Kd5 Qa8+
60. Ke6 Qd8 0-1

[Event "12sen.WM-D Naumburg"]
[Site "Naumburg/Saale(20.10.-03.11.)"]
[Date "2002.10.31"]
[Round "9"]
[White "Beliaeva, Natalia"]
[Black "Fatalibekova, Elena"]
[Result "0-1"]
[WhiteElo "2111"]
[BlackElo "2297"]
[PlyCount "78"]
[EventDate "2002.11.??"]

1. d4 d6 2. e4 g6 3. Bc4 Bg7 4. Nf3 e6 5. O-O Ne7 6. c3 d5 7. Bd3 dxe4 8. Bxe4
Nd7 9. Bf4 Nf6 10. Bc2 O-O 11. Nbd2 b6 12. Ne5 Nfd5 13. Bg3 Bb7 14. Bh4 h6 15.
Ne4 f5 16. Nxg6 fxe4 17. Bxe4 Rf7 18. Nxe7+ Rxe7 19. c4 Nc3 20. Bh7+ Kxh7 21.
bxc3 Qd7 22. Qc2+ Kh8 23. Bxe7 Qxe7 24. Rfe1 Qg5 25. f3 c5 26. Rxe6 cxd4 27.
Rae1 Rg8 28. Rg6 Qc5 29. cxd4 Qxd4+ 30. Kh1 Bc8 31. h3 Qc5 32. g4 Bb7 33. Kg2
Rf8 34. Rf1 Qe3 35. Qd1 Qf4 36. Qe2 Be5 37. Rxh6+ Kg7 38. Rh7+ Kxh7 39. Qd3+
Kg7 0-1

[Event "12sen.WM-D Naumburg"]
[Site "Naumburg/Saale(20.10.-03.11.)"]
[Date "2002.10.31"]
[Round "9"]
[White "Blagonadezhnaya, Idea"]
[Black "Komicheva, Margarita"]
[Result "0-1"]
[WhiteElo "2026"]
[BlackElo "2186"]
[PlyCount "112"]
[EventDate "2002.11.??"]

1. e4 e5 2. Nf3 Nc6 3. Bc4 Bc5 4. c3 Qe7 5. O-O d6 6. d4 Bb6 7. d5 Nb8 8. Qe2
Bg4 9. Be3 Nd7 10. Bxb6 axb6 11. Nbd2 Ngf6 12. Qe3 O-O 13. Ne1 Bh5 14. Be2 Bg6
15. f3 h6 16. Bb5 Nh7 17. Bxd7 Qxd7 18. Nd3 f5 19. exf5 Qxf5 20. Ne4 Ra4 21.
Ndf2 Rfa8 22. a3 Bf7 23. Rfd1 R8a5 24. b3 Rxa3 25. Rxa3 Rxa3 26. c4 Qc8 27. g4
Qd8 28. Kg2 Qh4 29. Rb1 Ra2 30. Qc1 Bg6 31. Rb2 Rxb2 32. Qxb2 Bxe4 33. Nxe4 Qe1
34. Qa2 Qa5 35. Qc2 Qa8 36. Ng3 Qf8 37. Ne4 Qe8 38. Qa2 Nf8 39. b4 Ng6 40. c5
bxc5 41. bxc5 Qf8 42. cxd6 cxd6 43. Qa3 Nf4+ 44. Kf2 Qc8 45. Qc3 Qxc3 46. Nxc3
Kf7 47. Ke3 Ke7 48. Ke4 g6 49. h4 h5 50. gxh5 Nxh5 51. Ne2 Nf6+ 52. Kd3 Nxd5
53. Ke4 Nc7 54. Nc3 Ke6 55. Kd3 Nd5 56. Nxd5 Kxd5 0-1

[Event "12sen.WM-D Naumburg"]
[Site "Naumburg/Saale(20.10.-03.11.)"]
[Date "2002.10.31"]
[Round "9"]
[White "Froeling, Philippa"]
[Black "Dmitrieva, Alla"]
[Result "0-1"]
[WhiteElo "1306"]
[BlackElo "1566"]
[PlyCount "70"]
[EventDate "2002.11.??"]

1. Nf3 d6 2. d4 Bg4 3. Nbd2 Nf6 4. g3 Nc6 5. c4 d5 6. Bg2 e6 7. c5 Be7 8. Qa4
O-O 9. Ne5 Nxe5 10. dxe5 Nd7 11. Qxg4 Nxe5 12. Qd4 Bf6 13. Qb4 b6 14. cxb6 axb6
15. Qb3 c5 16. O-O c4 17. Qc2 b5 18. Rd1 Qb6 19. Nf3 Nc6 20. a3 b4 21. Rb1 b3
22. Qd2 Rad8 23. Qe1 d4 24. Bg5 Bxg5 25. Nxg5 Na5 26. Ne4 f5 27. Ng5 h6 28. Nf3
Qc5 29. e3 e5 30. exd4 exd4 31. Nxd4 Rxd4 32. Rxd4 Qxd4 33. Qxa5 Qd3 34. Qd5+
Qxd5 35. Bxd5+ Kh8 0-1

[Event "12sen.WM-D Naumburg"]
[Site "Naumburg/Saale(20.10.-03.11.)"]
[Date "2002.10.31"]
[Round "9"]
[White "Gudova, Tamara"]
[Black "Erenska_Barlo, Hanna"]
[Result "0-1"]
[WhiteElo "2060"]
[BlackElo "2183"]
[PlyCount "146"]
[EventDate "2002.11.??"]

1. d4 Nf6 2. c4 e6 3. Nc3 Bb4 4. e3 O-O 5. Nge2 d5 6. a3 Be7 7. Ng3 Re8 8. Be2
Nbd7 9. O-O b6 10. cxd5 Nxd5 11. Bd2 Bb7 12. Rc1 N7f6 13. Bb5 c6 14. Bd3 Nxc3
15. Bxc3 Nd5 16. Bd2 Nf6 17. Qe2 a6 18. Rfd1 g6 19. h3 Qb8 20. e4 e5 21. dxe5
Qxe5 22. Bc3 Qf4 23. Bd4 Bd8 24. Be3 Qb8 25. Qf3 Nd7 26. Bf4 Ne5 27. Qe2 Bf6
28. Nf1 Re7 29. Ne3 Qe8 30. Bb1 b5 31. Rd6 Re6 32. Rcd1 Rxd6 33. Rxd6 Qe7 34.
Qd2 Re8 35. Bxe5 Qxe5 36. Ng4 Bg5 37. Nxe5 Bxd2 38. Nxf7 Bc1 39. Nd8 Bc8 40.
Nxc6 Bxb2 41. a4 bxa4 42. Ba2+ Kg7 43. f3 Ba3 44. Rd5 Be6 45. Rd2 Bc5+ 46. Kh2
Bxa2 47. Rxa2 Rc8 48. Ne5 Bd6 49. f4 a3 50. Nd3 a5 51. e5 Bb4 52. g4 Rc3 53.
Nf2 Rb3 54. Nd1 Rb1 55. Nc3 Bxc3 56. Rxa3 Bb4 57. Rd3 Rb2+ 58. Kg3 Rd2 59. Re3
Rc2 60. Re4 Rb2 61. e6 Kf6 62. f5 Bd6+ 63. Kf3 Rb3+ 64. Ke2 gxf5 65. gxf5 Rxh3
66. Kd2 Be7 67. Rf4 Rh5 68. Kd3 Rxf5 69. Rh4 h5 70. Kc4 Kxe6 71. Rh3 h4 72. Rb3
Rf4+ 73. Kb5 Rb4+ 0-1

[Event "12sen.WM-D Naumburg"]
[Site "Naumburg/Saale(20.10.-03.11.)"]
[Date "2002.10.31"]
[Round "9"]
[White "Janssen, Liselotte"]
[Black "Zakhvatova, Roufina"]
[Result "1-0"]
[WhiteElo "1843"]
[BlackElo "1558"]
[PlyCount "63"]
[EventDate "2002.11.??"]

1. d4 d5 2. Nf3 Nf6 3. c4 e6 4. Bg5 Be7 5. Nc3 c6 6. e3 Nbd7 7. cxd5 exd5 8.
Bd3 O-O 9. O-O Re8 10. Qc2 h6 11. Bxf6 Nxf6 12. Na4 Bd6 13. Nc5 Qc7 14. h3 b6
15. Nb3 Bd7 16. Rac1 Qb8 17. Nbd2 Qd8 18. e4 dxe4 19. Nxe4 Nxe4 20. Bxe4 Rc8
21. Qd3 Qf6 22. Rfe1 Bf4 23. Rc2 Re6 24. Ne5 Bxe5 25. dxe5 Qe7 26. Bf5 Rxe5 27.
Rxe5 Qxe5 28. Qxd7 Qe1+ 29. Kh2 Qe5+ 30. g3 Re8 31. Qxc6 g6 32. Qxe8+ 1-0

[Event "12sen.WM-D Naumburg"]
[Site "Naumburg/Saale(20.10.-03.11.)"]
[Date "2002.10.31"]
[Round "9"]
[White "Khmiadashvili, Tamari"]
[Black "Malinicheva, Lidiya"]
[Result "1/2-1/2"]
[WhiteElo "2330"]
[BlackElo "2111"]
[PlyCount "117"]
[EventDate "2002.11.??"]

1. c4 e5 2. Nc3 Nc6 3. g3 Nf6 4. Bg2 Bc5 5. e3 O-O 6. d3 d6 7. Nge2 Bf5 8. O-O
Qd7 9. a3 a5 10. Nd5 Nxd5 11. cxd5 Ne7 12. d4 Bb6 13. e4 Bh3 14. Be3 Bxg2 15.
Kxg2 f5 16. dxe5 Bxe3 17. exd6 Qxd6 18. fxe3 fxe4 19. Nc3 Rxf1 20. Qxf1 Qb6 21.
Qe2 Nf5 22. Re1 Qc5 23. Kg1 Rd8 24. Nxe4 Qxd5 25. Nc3 Qc5 26. Qf2 Rf8 27. Qd2
c6 28. Kg2 b5 29. Ne4 Qe5 30. Nf2 Re8 31. e4 Nd6 32. Qc3 Qxc3 33. bxc3 Nc4 34.
Ra1 Kf7 35. a4 Ke6 36. Kf3 Rf8+ 37. Ke2 Ke5 38. Ra2 g5 39. Ra1 h5 40. Ra2 g4
41. Nd3+ Kxe4 42. Nf4 Rf6 43. Ke1 h4 44. Re2+ Kf5 45. axb5 hxg3 46. hxg3 cxb5
47. Rh2 Ne5 48. Rh8 Rb6 49. Ke2 b4 50. Ke3 Nf7 51. Rf8 Rb7 52. cxb4 axb4 53.
Ne2 Ke6 54. Kd2 Ke5 55. Rg8 Kf5 56. Nd4+ Ke5 57. Rxg4 Rd7 58. Ke3 Rc7 59. Nf3+
1/2-1/2

[Event "12sen.WM-D Naumburg"]
[Site "Naumburg/Saale(20.10.-03.11.)"]
[Date "2002.10.31"]
[Round "9"]
[White "Lein, Marina"]
[Black "Sotter, Gerlinde"]
[Result "1/2-1/2"]
[WhiteElo "1979"]
[BlackElo "1609"]
[PlyCount "88"]
[EventDate "2002.11.??"]

1. c4 Nf6 2. Nc3 g6 3. g3 Bg7 4. Bg2 c6 5. Nf3 O-O 6. O-O d6 7. d3 Nbd7 8. Bd2
Re8 9. Qc1 e5 10. Ng5 Nc5 11. b4 Ne6 12. Rb1 Nd4 13. e3 Nf5 14. b5 Bd7 15. a4
Qc7 16. Nge4 Nxe4 17. Nxe4 Rac8 18. Qa3 d5 19. bxc6 bxc6 20. cxd5 cxd5 21. Nc3
d4 22. Nd5 Qd8 23. e4 Bf8 24. Bb4 Bxb4 25. Qxb4 Ng7 26. Qb7 Bxa4 27. Qxa7 Bc6
28. Nb6 Rc7 29. Qa3 Qe7 30. Qxe7 Rexe7 31. Nc4 f6 32. Rb6 Ne8 33. Rfb1 Kf7 34.
h4 Rb7 35. Na5 Rxb6 36. Rxb6 Ba4 37. Bf1 Rc7 38. Nc4 Bd7 39. f4 Be6 40. Nd6+
Nxd6 41. Rxd6 Ke7 42. Ra6 Bd7 43. fxe5 fxe5 44. Ra5 Kf6 1/2-1/2

[Event "12sen.WM-D Naumburg"]
[Site "Naumburg/Saale(20.10.-03.11.)"]
[Date "2002.10.31"]
[Round "9"]
[White "Litinskaya, Marta_I"]
[Black "Shestoperova, Alexandrova"]
[Result "1-0"]
[WhiteElo "2402"]
[BlackElo "2169"]
[PlyCount "120"]
[EventDate "2002.11.??"]

1. d4 e6 2. c4 b6 3. Nc3 Bb7 4. a3 Nf6 5. Nf3 Be7 6. d5 exd5 7. cxd5 a5 8. g3
O-O 9. Bg2 Bc5 10. O-O Re8 11. Nh4 Bf8 12. Bf4 d6 13. Nf5 Na6 14. Qc2 Bc8 15.
Nd4 Nh5 16. Be3 Bd7 17. h3 g6 18. Qd2 a4 19. g4 Ng7 20. Bg5 Be7 21. Bh6 Nc5 22.
Rae1 Nb3 23. Nxb3 axb3 24. Qd1 f5 25. Bxg7 Kxg7 26. gxf5 gxf5 27. Qxb3 Bf6 28.
e3 Rg8 29. f4 Kh8 30. Re2 Be8 31. Qc2 Bh5 32. Rd2 Bg6 33. Nb5 Rc8 34. Nd4 Qe7
35. Qd3 Bh4 36. Rc2 Rge8 37. Rc3 Bf6 38. Rd1 Qd7 39. Rc2 Re7 40. Rc6 Bg7 41.
Rd2 Rf7 42. Ne6 Bf6 43. Rdc2 Qe8 44. Nxc7 Qg8 45. Ne6 Rxc6 46. dxc6 Re7 47. c7
Re8 48. Nd8 Rxd8 49. cxd8=Q Qxd8 50. Qa6 Kg7 51. Qb7+ Kh6 52. Rc8 Qe7 53. Qxe7
Bxe7 54. Rc6 b5 55. Rb6 Kg7 56. Rxb5 Kf6 57. Bd5 Bh5 58. Rb8 Be2 59. b4 Bd3 60.
b5 Be4 1-0

[Event "12sen.WM-D Naumburg"]
[Site "Naumburg/Saale(20.10.-03.11.)"]
[Date "2002.10.31"]
[Round "9"]
[White "Luft, Helga"]
[Black "Krawcewicz, Lucyna"]
[Result "0-1"]
[WhiteElo "1761"]
[BlackElo "2035"]
[PlyCount "90"]
[EventDate "2002.11.??"]

1. d4 d5 2. Nf3 Nf6 3. c4 e6 4. Nc3 c6 5. e3 Nbd7 6. cxd5 exd5 7. Bd3 Bd6 8.
Qc2 O-O 9. O-O Re8 10. e4 dxe4 11. Nxe4 Nxe4 12. Bxe4 Nf8 13. Bg5 Qc7 14. Rfe1
Bg4 15. h3 Bh5 16. Rac1 h6 17. Be3 Bb4 18. Bd2 Bxd2 19. Nxd2 Qd6 20. Nb3 Re7
21. g4 Bg6 22. Bxg6 Nxg6 23. Rxe7 Qxe7 24. Qd2 Rd8 25. Re1 Qc7 26. Qe3 Qb8 27.
Qg3 Qxg3+ 28. fxg3 Kf8 29. Kf2 f6 30. Re4 Kf7 31. Ke3 Nf8 32. Nc5 b6 33. Nd3
Ne6 34. h4 a5 35. Nf4 Nc7 36. h5 Rd7 37. a3 Nb5 38. Ne2 Nd6 39. Rf4 Nc4+ 40.
Kd3 Nxb2+ 41. Kc3 Na4+ 42. Kb3 b5 43. Rf1 Re7 44. Rf2 Re3+ 45. Kc2 Rxa3 0-1

[Event "12sen.WM-D Naumburg"]
[Site "Naumburg/Saale(20.10.-03.11.)"]
[Date "2002.10.31"]
[Round "9"]
[White "Mosionzhik, Bronia"]
[Black "Gumilevskaja, Galina"]
[Result "1-0"]
[WhiteElo "2095"]
[BlackElo "2093"]
[PlyCount "103"]
[EventDate "2002.11.??"]

1. e4 g6 2. d4 Bg7 3. Nf3 d5 4. e5 Bg4 5. Be2 e6 6. c3 Ne7 7. Nbd2 O-O 8. h3
Bxf3 9. Nxf3 h6 10. O-O b6 11. Bd3 c5 12. Be3 cxd4 13. cxd4 Nbc6 14. Qd2 Kh7
15. Rac1 a5 16. b3 Qd7 17. Bb5 Qb7 18. Rc3 Na7 19. Bd3 Rfc8 20. Rfc1 Nec6 21.
Qb2 Bf8 22. a3 b5 23. R3c2 Qe7 24. Ra1 Rc7 25. Bd2 Rac8 26. Qc1 Qe8 27. a4 b4
28. Bb5 Qd8 29. Ba6 Rb8 30. Be3 Rb6 31. Be2 Qa8 32. Nh2 Bg7 33. g4 Qd8 34. f4
f5 35. gxf5 gxf5 36. Kh1 Rf7 37. Nf3 Ne7 38. Nh4 Ng6 39. Nxg6 Kxg6 40. Qg1+ Kh7
41. Rac1 Rbb7 42. Kh2 Rbc7 43. Rxc7 Rxc7 44. Rxc7 Qxc7 45. Qc1 Qe7 46. Bf2 Qd7
47. Qc5 Qf7 48. Qxa5 Bf8 49. Qd8 h5 50. Bh4 Bh6 51. Qe7 Bxf4+ 52. Kg2 1-0

[Event "12sen.WM-D Naumburg"]
[Site "Naumburg/Saale(20.10.-03.11.)"]
[Date "2002.10.31"]
[Round "9"]
[White "Richter, Hildegard"]
[Black "Sorokina, Tamara"]
[Result "1-0"]
[WhiteElo "1706"]
[BlackElo "2133"]
[PlyCount "81"]
[EventDate "2002.11.??"]

1. d4 c5 2. d5 d6 3. c4 g6 4. Nc3 Bg7 5. Qc2 Nf6 6. h3 Na6 7. a3 Bd7 8. e4 Nc7
9. Bd3 e5 10. Nf3 O-O 11. Bg5 h6 12. Be3 a6 13. a4 b5 14. b3 b4 15. Ne2 Nxe4
16. Bxe4 f5 17. Nd2 fxe4 18. Nxe4 Bf5 19. O-O-O Bxe4 20. Qxe4 Qf6 21. h4 Qf5
22. Ng3 Qxe4 23. Nxe4 Ne8 24. Rdf1 Rd8 25. f4 exf4 26. Rxf4 Rd7 27. Kd2 Re7 28.
Kd3 Rxf4 29. Bxf4 Rd7 30. Re1 Bf8 31. Nxc5 dxc5 32. Rxe8 Kf7 33. Re6 Ra7 34.
Ke4 a5 35. g3 Bg7 36. Be5 Bf8 37. Rf6+ Ke8 38. Rxg6 Rf7 39. Rf6 Ra7 40. Kf5 Be7
41. Rxh6 1-0

[Event "12sen.WM-D Naumburg"]
[Site "Naumburg/Saale(20.10.-03.11.)"]
[Date "2002.10.31"]
[Round "9"]
[White "Strelnikova, Elena"]
[Black "Shoushpanova, Nina"]
[Result "1-0"]
[WhiteElo "2175"]
[BlackElo "2058"]
[PlyCount "71"]
[EventDate "2002.11.??"]

1. e4 g6 2. d4 Bg7 3. c3 c6 4. Be3 d5 5. e5 h5 6. Bd3 Nh6 7. Nf3 Bf5 8. O-O
Bxd3 9. Qxd3 e6 10. Nbd2 Nd7 11. Bg5 Qc7 12. Nh4 Nf5 13. Nxf5 gxf5 14. Qe3 Nf8
15. c4 dxc4 16. Nxc4 Ng6 17. Nd6+ Kf8 18. Rac1 Kg8 19. f4 Bf8 20. Bf6 Rh7 21.
Nc4 Be7 22. Bxe7 Qxe7 23. Rf3 Rd8 24. Nd6 Kg7 25. d5 cxd5 26. Qxa7 Rd7 27. g3
h4 28. Rc8 Rh8 29. Rxh8 Kxh8 30. Rc3 Kg7 31. Rc8 Rxd6 32. exd6 Qxd6 33. Qxb7 d4
34. Qc7 Qb4 35. Qc1 d3 36. Qc3+ 1-0